Statystyki dla Pierwiastki na literę M

Kliknij tutaj aby rozwiązać quiz!

Ogólne statystyki

  • Ten quiz został rozwiązany 169 razy
  • Średni wynik to 4 z 7

Statystyki odpowiedzi

Odpowiedź% Poprawnych
1.Magnez
90%
2.Mangan
85%
5.Miedź
67%
6.Molibden
55%
4.Mendelew
40%
7.Moskow
35%
3.Meitner
24%

Rozkład punktacji

Percentyl według liczby udzielonych odpowiedzi

Procent ludzi z każdym wynikiem

Twoja historia wyników

Nie rozwiązałeś tego quizu